00971 2200325 4500001002100000005001500021035002500036007000300061008004100064020002200105040001700127041000800144082001600152084001800168090002200186090002100208100001800229245015700247250002600404260003100430300003800461504003300499650001000532700002200542700001000564700001700574850001200591999002100603990002100624INLIS00000000002754420190809102419 a0010-051700000000254ta170517s2017 yoia gr ind d a978-602-296-218-2 aYOPDYOGbind0 aind04223a297.577 a297.577 Iqr U aDEP 297.577 Iqr U aCB-D.11 2017-1720 aIqro' Firdaus10aUdah nikah aja ! :bkriteria cowok shalih dan syar'i yang layak jadi imammu /cIqro' Firdaus; editor, Azka Gaeza Anggun; ilustrator, Ihank, Trias Studio aCetakan pertama, 20173 aYogyakarta :bSabil,c2017 a197 halaman :bilustrasi ;c19 cm aBibliografi: halaman 193-195 aNikah0 aAzka Gaeza Anggun0 aIhank0 aTrias Studio aYOPDYOG aCB-D.11/2017-172 aCB-D.11/2017-172